Introduction to statistical quality control

Uloženo v:
Podrobná bibliografie
Hlavní autor: Montgomery, Douglas C. (Autor)
Médium: Kniha
Jazyk:angličtina
Vydáno: Nueva York John Wiley 1990
Vydání:2a. ed
Témata:
Tagy: Přidat tag
Žádné tagy, Buďte první, kdo vytvoří štítek k tomuto záznamu!

MARC

LEADER 00000nam a2200000 a 4500
001 UCU0265
003 CL-VaPUC
008 960322e19900000US |||||||||||||||||eng|d
082 0 4 |a 658.562  |b MON  |2 21 
100 |a Montgomery, Douglas C.  |e author  |9 602209 
245 1 0 |a Introduction to statistical quality control 
250 |a 2a. ed 
300 |a 674 p 
942 |c BK 
945 |d 19960322 00:00:00  |a rbrito 
260 |a Nueva York  |b John Wiley  |c 1990 
650 0 |a Control de calidad   |9 259714 
650 0 |a Métodos estadísticos   |9 259407 
650 0 |a Costos   |9 261063 
650 7 |a PROCESOS DE CALIDAD  |2 CL-VaPUC  |9 355271 
583 |a last modification  |c 19960322 00:00:00  |k Rodrigo Vera 
999 |c 245142  |d 245140